Dunaszerdahelyen büszkék a kupában megszerzett ezüstéremre

Bibliographic Details
Main Author: Elek, Zoltán (Author)
Format: Article
Language:Hungarian
PhysicalDescription:Fotografie
ISSN:1335-7050
Subjects:

MARC

LEADER 00000nab a2200000 4500
001 vtls012131718
003 SK-MaSNL
005 20260318140437.0
008 220421|20220421xo |||| || ||00 0|hun
015 |a SNBRB2022/04 
040 |a DSZK  |b slo  |c DSZK  |e rda 
041 |a hun 
043 |a e-xo--- 
044 |a xo  |c SK 
072 7 |a 796  |x Šport. Hry. Telesné cvičenia  |2 konspekt 
080 |a 796.322  |2 2011 
100 1 |a Elek, Zoltán  |4 aut  |9 1110289 
245 1 0 |a Dunaszerdahelyen büszkék a kupában megszerzett ezüstéremre  |c Elek Zoltán 
300 |b Fotografie 
336 |a text  |b txt  |2 rdacontent 
337 |a bez média  |b n  |2 rdamedia 
338 |a zväzok  |b nc  |2 rdacarrier 
610 2 7 |a HC DAC Dunajská Streda  |2 dszk  |9 1090907 
650 0 7 |a hádzaná  |2 SNKPH  |9 3292 
651 7 |a Dunajská Streda (Slovensko)  |2 SNKPHgeo  |9 17375 
773 0 |t Új szó  |g Évf. 75, sz. 91 (2022.04.21.), o. 35  |x 1335-7050 
958 |a SK 
958 |a HU 
958 |a RG 
999 |c 1828772  |d 1830702